00624nam a22002177a 450000500170000001000130001702000100003003500130004003700160005304000120006908200150008110000180009624500770011426000450019127000470023630000370028350000190032065000250033965000230036470000190038720170124110050.0 aA-408324 c15.00 aA-408324 bCen Lib/Ret aDPLbEN a636.5bHAR aHarbans Singh aLivestock and poultry production /cby Harbans Singh [and] Earl N. Moore aNew Delhi bPrentice-Hall of Indiac1972 bNew Delhi aM-97, Cannaught Circuse110001 aviii,622p. :c22cm(Hb)bcol.ill. aIncludes index aLivestock production aPoultry production aMoore, Earl N.